000 00631nam a2200229Ia 4500
003 OSt
005 20221006164902.0
006 a|||||r|||| 00| 0
007 ta
008 221006b |||||||| |||| 00| 0 eng d
024 _a2,816
037 _cAnnuals, Advances
040 _aFML
_cFML
_beng
041 _2eng
_aeng
082 _aNRk1, K6
100 _aScholes Percy A Au.
_9675972
245 0 _aOxford Junior Companion to Music
260 _aLondon
_bOxford University Press
_c1966
300 _a28, 436
_ccm.
942 _hNRk1, K6
_cREF
_2CC
999 _c1118820
_d1118820